Religious cohesion in times of conflict: Christian-Muslim relations in segregated towns
| Main Author: | |
|---|---|
| Format: | Print Book |
| Language: | English |
| Subito Delivery Service: | Order now. |
| Check availability: | HBZ Gateway |
| WorldCat: | WorldCat |
| Interlibrary Loan: | Interlibrary Loan for the Fachinformationsdienste (Specialized Information Services in Germany) |
| Published: |
London [u.a.]
Continuum
2009
|
| In: | Year: 2009 |
| Standardized Subjects / Keyword chains: | B
Christianity
/ Islam
/ Multi-cultural society
/ Interfaith dialogue
B Burnley / Population |
| Further subjects: | B
Christianity and other religions
Islam
B Religion and sociology B Islam Relations Christianity B Community life |
| Online Access: |
Table of Contents Blurb (Publisher) |
MARC
| LEADER | 00000cam a2200000 c 4500 | ||
|---|---|---|---|
| 001 | 56839660X | ||
| 003 | DE-627 | ||
| 005 | 20251223215327.0 | ||
| 007 | tu | ||
| 008 | 080604s2009 xxk||||| 00| ||eng c | ||
| 010 | |a 2008022235 | ||
| 020 | |a 9781847065353 |c HB |9 978-1-84706-535-3 | ||
| 020 | |a 184706535X |c HB |9 1-84706-535-X | ||
| 020 | |a 9781847065360 |c pbk. |9 978-1-84706-536-0 | ||
| 020 | |a 1847065368 |c pbk. |9 1-84706-536-8 | ||
| 024 | 3 | |a 9781847065360 | |
| 024 | 8 | |a 2008022235 |q Identnummer | |
| 035 | |a (DE-627)56839660X | ||
| 035 | |a (DE-576)302500650 | ||
| 035 | |a (DE-599)GBV56839660X | ||
| 035 | |a (OCoLC)845346192 | ||
| 035 | |a (OCoLC)230729593 | ||
| 040 | |a DE-627 |b ger |c DE-627 |e rakwb | ||
| 041 | |a eng | ||
| 044 | |c XA-GB |c XD-US | ||
| 050 | 0 | |a BL60 | |
| 082 | 0 | |a 306.6/612709427642 |q LOC |2 22 | |
| 082 | 0 | |a 306.6612709427642 | |
| 084 | |a 1 |2 ssgn | ||
| 084 | |a BE 3720 |2 rvk |0 (DE-625)rvk/10581: | ||
| 084 | |a 11.07 |2 bkl | ||
| 084 | |a 11.05 |2 bkl | ||
| 100 | 1 | |0 (DE-588)142948675 |0 (DE-627)704349507 |0 (DE-576)18683537X |4 aut |a Holden, Andrew |d 1964- | |
| 109 | |a Holden, Andrew 1964- | ||
| 191 | |a 1 | ||
| 245 | 1 | 0 | |a Religious cohesion in times of conflict |b Christian-Muslim relations in segregated towns |c Andrew Holden |
| 263 | |a 0903 | ||
| 264 | 1 | |a London [u.a.] |b Continuum |c 2009 | |
| 300 | |a XI, 206 S | ||
| 336 | |a Text |b txt |2 rdacontent | ||
| 337 | |a ohne Hilfsmittel zu benutzen |b n |2 rdamedia | ||
| 338 | |a Band |b nc |2 rdacarrier | ||
| 500 | |a Includes bibliographical references and index | ||
| 505 | 8 | |a Faith partnerships and community cohesion : setting the scene -- Religious attitudes among young people -- Religious cohesion in schools and colleges -- The spirit of the north : an interfaith initiative for young adults -- Religious leadership in segregated towns : a changing landscape -- Reflections and conclusions | |
| 583 | 1 | |a Archivierung prüfen |c 20200919 |f DE-640 |z 2 |2 pdager | |
| 583 | 1 | |a Archivierung/Langzeitarchivierung gewährleistet |f SSG |x XA-DE-BW |2 pdager |5 DE-21 | |
| 583 | 1 | |a Archivierung prüfen |c 20240324 |f DE-4165 |z 1 |2 pdager | |
| 583 | 1 | |a Archivierung/Langzeitarchivierung gewährleistet |c 20240722 |f NI-LastCopies |x XA-DE-NI |z Potenzieller Alleinbesitz Niedersachsen |2 pdager |5 DE-89 | |
| 650 | 0 | |a Religion and sociology | |
| 650 | 0 | |a Community life | |
| 650 | 0 | |a Christianity and other religions |x Islam | |
| 650 | 0 | |a Islam |x Relations |x Christianity | |
| 689 | 0 | 0 | |d s |0 (DE-588)4010074-1 |0 (DE-627)104493933 |0 (DE-576)20888579X |2 gnd |a Christentum |
| 689 | 0 | 1 | |d s |0 (DE-588)4027743-4 |0 (DE-627)106283499 |0 (DE-576)20897220X |2 gnd |a Islam |
| 689 | 0 | 2 | |d s |0 (DE-588)4214151-5 |0 (DE-627)105067342 |0 (DE-576)21021869X |2 gnd |a Multikulturelle Gesellschaft |
| 689 | 0 | 3 | |d s |0 (DE-588)4192352-2 |0 (DE-627)105235164 |0 (DE-576)210079924 |2 gnd |a Interreligiöser Dialog |
| 689 | 0 | |5 (DE-627) | |
| 689 | 1 | 0 | |d g |0 (DE-588)4354389-3 |0 (DE-627)703889117 |0 (DE-576)211559075 |2 gnd |a Burnley |
| 689 | 1 | 1 | |d s |0 (DE-588)4006287-9 |0 (DE-627)106378066 |0 (DE-576)208864962 |2 gnd |a Bevölkerung |
| 689 | 1 | |5 (DE-627) | |
| 856 | 4 | 2 | |u https://swbplus.bsz-bw.de/bsz302500650kla.htm |m B:DE-576;DE-21 |q application/pdf |v 20110304082156 |x Verlag |3 Klappentext |7 1 |
| 856 | 4 | 2 | |u https://swbplus.bsz-bw.de/bsz302500650inh.htm |m B:DE-576;DE-21 |q application/pdf |v 20110304082155 |x Verlag |3 Inhaltsverzeichnis |7 1 |
| 935 | |a mteo | ||
| 935 | |i Blocktest | ||
| 936 | r | v | |a BE 3720 |b Dialog, Begegnung der Religionen |k Theologie und Religionswissenschaften |k Religionswissenschaft |k Systematische Religionswissenschaft |k Religionskontakt |k Dialog, Begegnung der Religionen |0 (DE-627)1272630390 |0 (DE-625)rvk/10581: |0 (DE-576)202630390 |
| 936 | b | k | |a 11.07 |j Interreligiöse Beziehungen |0 (DE-627)106403710 |
| 936 | b | k | |a 11.05 |j Religionssoziologie |0 (DE-627)106404202 |
| 951 | |a BO | ||
| ELC | |b 1 | ||
| ITA | |a 1 |t 1 | ||
| LOK | |0 000 xxxxxcx a22 zn 4500 | ||
| LOK | |0 001 3209660883 | ||
| LOK | |0 003 DE-627 | ||
| LOK | |0 004 56839660X | ||
| LOK | |0 005 20110301133858 | ||
| LOK | |0 008 100401||||||||||||||||ger||||||| | ||
| LOK | |0 040 |a DE-21 |c DE-627 |d DE-21 | ||
| LOK | |0 852 |a DE-21 | ||
| LOK | |0 852 1 |c 51 A 1841 |9 00 | ||
| LOK | |0 935 |a theo |a vord | ||
| LOK | |0 936ln |a t11 | ||
| LOK | |0 938 |a 1103 |f 2 | ||
| LOK | |0 939 |a 01-04-10 |b l01 | ||
| ORI | |a SA-MARC-ixtheoa001.raw | ||
| REL | |a 1 | ||
| STA | 0 | 0 | |a Christianity,Christian world view,World view,Christian ideology,Interfaith dialogue,Interreligious relations,Interreligious dialog,Interreligious encounter,Islam,Islam,Multi-cultural society,Multicultural society,Cultural pluralism,Pluralism,Culture,Cultural pluralism,Population |
| STB | 0 | 0 | |a Christianisme,Christianisme,Dialogue interreligieux,Dialogue interreligieux,Islam,Islam,Population,Société multiculturelle,Société multiculturelle |
| STC | 0 | 0 | |a Cristianismo,Cristianismo,Cristiandad,Cristiandad,Cristiandad (Motivo),Cristiandad,Diálogo interreligioso,Diálogo inter-religioso,Islam,Islam,Populación,Sociedad multicultural,Sociedad multicultural |
| STD | 0 | 0 | |a Cristianesimo,Cristianesimo,Dialogo interreligioso,Dialogo interreligioso,Islam,Islam,Popolazione,Società multiculturale,Società multiculturale |
| STE | 0 | 0 | |a 人口,人口数量,伊斯兰教,伊斯兰教,回教,回教,基督教,基督教,基督教世界观,多元文化社会,宗教间关系 |
| STF | 0 | 0 | |a 人口,人口數量,伊斯蘭教,伊斯蘭教,回教,回教,基督教,基督教,基督教世界觀,多元文化社會,宗教間關係 |
| STG | 0 | 0 | |a Cristianismo,Cristianismo,Cristandade,Cristandade,Cristandade (Motivo),Cristandade,Diálogo inter-religioso,Diálogo inter-religioso,Islã,Islã,População,Sociedade multicultural,Sociedade multicultural |
| STH | 0 | 0 | |a Ислам (мотив),Ислам,Межрелигиозный диалог,Многокультурное общество (мотив),Многокультурное общество,Население,Христианство (мотив),Христианство |
| STI | 0 | 0 | |a Διαθρησκειακός διάλογος,Ισλάμ (μοτίβο),Ισλάμ,Πληθυσμός,Πολυπολιτισμική κοινωνία (μοτίβο),Πολυπολιτισμική κοινωνία,Χριστιανισμός (μοτίβο),Χριστιανισμός |
| SUB | |a REL | ||
| SYE | 0 | 0 | |a Islam |
| SYG | 0 | 0 | |a Christianity,Christliche Mission,Missionierung,Christenheit,Christianitas,Christliche Religion,Christliche Weltanschauung , Islam , Interkulturalität,Interkulturelle Gesellschaft,Kulturpluralismus,Multikulturalismus,Multiethnische Gesellschaft,Multi-racial society,Rassenpluralismus,Transkulturalität,Transkulturelle Gesellschaft,Interkulturalität,Interkulturelle Gesellschaft,Kulturpluralismus,Kulturelle Vielfalt,Kulturelle Diversität,Multikulturalismus,Multiethnische Gesellschaft,Multi-racial society,Rassenpluralismus,Transkulturelle Gesellschaft,Multikulti,Multikulturalität , Interreligiöse Beziehung,Interreligiöse Begegnung,Interreligiöser Kontakt,Religionskontakt , Bürgerschaft |



